000 00559nam a2200229Ia 4500
003 OSt
005 20221005131656.0
006 a|||||r|||| 00| 0
007 ta
008 221004b |||||||| |||| 00| 0 eng d
024 _a61564
037 _cTextual
040 _aCRL
_cCRL
_beng
041 _2eng
_aeng
082 _aV1:19:N3, H3
100 _aDean Vera Micheles
245 0 _aStruggle for world order
260 _c1943
650 _aHISTORY
942 _hV1:19:N3, H3
_cTEXL
_2cc
999 _c1061080
_d1061080